[Event "24e tournoi de Noël"]
[Site "Montigny le Bretonneux"]
[Date "2025.12.27"]
[Round "2.5"]
[White "Bielle, Lucas"]
[Black "Legranger, Thimote"]
[Result "1-0"]
[WhiteElo "1904"]
[BlackElo "1748"]
[Annotator "Rivier,Sylvain"]
[PlyCount "53"]
[EventDate "2025.??.??"]
[WhiteTeam "CE Le Roi Soleil - Le Chesnay - Versailles"]
[BlackTeam "Cergy Pontoise Echecs"]

{Défense sicilienne, attaque Richter-Rauser} 1. e4 c5 2. Nf3 d6 3. d4 cxd4 4.
Nxd4 Nf6 5. Nc3 Nc6 6. Bg5 e6 7. Qd2 Be7 8. O-O-O d5 9. exd5 Nxd5 10. Nxc6 bxc6
11. Ne4 f6 12. Bh4 g5 13. Bg3 f5 14. Be5 Rf8 15. Nc3 a5 16. Be2 g4 17. h4 Bxh4
18. Kb1 Bg5 19. Qd4 h6 20. f4 gxf3 21. Bxf3 Be3 22. Bh5+ Ke7 23. Nxd5+ cxd5 24.
Qxe3 Ba6 25. Qc5+ Kd7 26. Qd6+ Kc8 27. Qc6+ 1-0

[Event "24e tournoi de Noël"]
[Site "Montigny le Bretonneux"]
[Date "2025.12.27"]
[Round "2.6"]
[White "Goujon, Antoine"]
[Black "Kunne, Ronald"]
[Result "0-1"]
[WhiteElo "1709"]
[BlackElo "1853"]
[Annotator "Rivier,Sylvain"]
[PlyCount "64"]
[EventDate "2025.??.??"]
[WhiteTeam "CE Le Roi Soleil - Le Chesnay - Versailles"]
[BlackTeam "Club d'Echecs d'Orsay"]

{Défense Caro-Kann, variante d'échange} 1. d4 d5 2. Nc3 Nf6 3. Bf4 c5 4. e3
cxd4 5. exd4 a6 6. Bd3 Nc6 7. Nge2 Qb6 8. a3 Bd7 9. Be3 e6 10. O-O Bd6 11. Qd2
Qc7 12. h3 Nh5 13. b4 b5 14. Na2 f5 15. f4 Nf6 16. Nac1 Ne4 17. Bxe4 dxe4 18.
d5 Ne7 19. dxe6 Bxe6 20. Nd4 Bc4 21. Nce2 O-O 22. Rfe1 Rfc8 23. Rad1 Rd8 24.
Qc1 a5 25. c3 Ra6 26. Ng3 g6 27. Nc2 Nd5 28. Ne2 Bxe2 29. Rxe2 Nxc3 30. Red2
Nxd1 31. Qxd1 Be7 32. Nd4 Qc3 0-1

[Event "24e tournoi de Noël"]
[Site "Montigny le Bretonneux"]
[Date "2025.12.27"]
[Round "2.7"]
[White "Fasquelle, Cedric"]
[Black "Fayolle, Guy"]
[Result "0-1"]
[WhiteElo "1812"]
[BlackElo "1708"]
[Annotator "Rivier,Sylvain"]
[PlyCount "54"]
[EventDate "2025.??.??"]
[WhiteTeam "Saint-Quentin en Yvelines"]
[BlackTeam "Saint-Quentin en Yvelines"]

{Gambit du roi} 1. e4 e5 2. f4 Nc6 3. Nf3 d6 4. Bc4 Be7 5. O-O Nf6 6. Nc3 O-O
7. d4 Bg4 8. dxe5 Bxf3 9. Qxf3 dxe5 10. f5 Qd4+ 11. Rf2 Qxc4 12. Bg5 Bc5 13.
Raf1 Bxf2+ 14. Rxf2 Nd4 15. Qh3 Qc6 16. Nd5 Nxd5 17. exd5 Qxd5 18. f6 Qe4 19.
Bd2 Rad8 20. Qg3 g6 21. Qg5 Kh8 22. h4 Ne6 23. Qh6 Rg8 24. Kf1 Qxc2 25. Re2
Qf5+ 26. Rf2 Qd3+ 27. Kg1 Nf4 {suite illisible} 0-1

[Event "24e tournoi de Noël"]
[Site "Montigny le Bretonneux"]
[Date "2025.12.27"]
[Round "2.8"]
[White "Corbillet, Mathieu"]
[Black "Artieres, Michel"]
[Result "1/2-1/2"]
[WhiteElo "1679"]
[BlackElo "1808"]
[Annotator "Rivier,Sylvain"]
[PlyCount "76"]
[EventDate "2025.??.??"]
[WhiteTeam "La Dame Noire"]
[BlackTeam "La Dame Noire"]

{Défense Caro-Kann, variante d'échange} 1. e4 c6 2. Nf3 d5 3. exd5 cxd5 4. d4
Bg4 5. h3 Bxf3 6. Qxf3 e6 7. a3 Nf6 8. Nc3 Nc6 9. Bb5 Be7 10. O-O O-O 11. Bxc6
bxc6 12. b4 Nd7 13. Na4 Bf6 14. c3 e5 15. Be3 e4 16. Qg4 Re8 17. Rfb1 Rb8 18.
Bf4 Rb7 19. Nc5 Nxc5 20. bxc5 Rxb1+ 21. Rxb1 Qe7 22. Bd6 Qe6 23. Qxe6 fxe6 24.
Rb7 e5 25. dxe5 Bxe5 26. Bxe5 Rxe5 27. Rc7 e3 28. Kf1 exf2 29. Kxf2 Re4 30.
Rxc6 Rc4 31. Rc8+ Kf7 32. Rc7+ Kf6 33. Rxa7 Rxc5 34. a4 Rxc3 35. a5 Ra3 36. a6
h5 37. Ra8 Kg6 38. a7 Kh7 1/2-1/2

[Event "24e tournoi de Noël"]
[Site "Montigny le Bretonneux"]
[Date "2025.12.27"]
[Round "2.9"]
[White "Appavou, Calixte"]
[Black "Esch, Lars"]
[Result "1-0"]
[WhiteElo "1804"]
[BlackElo "1399"]
[Annotator "Rivier,Sylvain"]
[PlyCount "105"]
[EventDate "2025.??.??"]
[WhiteTeam "Saint-Quentin en Yvelines"]

{Défense sicilienne, variante du dragon} 1. e4 c5 2. Nf3 d6 3. d4 cxd4 4. Nxd4
Nf6 5. Nc3 g6 6. Be2 Bg7 7. Be3 O-O 8. O-O Nc6 9. Nb3 Be6 10. f4 Rc8 11. Nd4 a6
12. Nxc6 Rxc6 13. Bf3 Rc8 14. Rf2 Qa5 15. Ne2 Ng4 16. Bxg4 Bxg4 17. c3 Rfd8 18.
h3 Bd7 19. Ng3 b5 20. a3 Bc6 21. Qc1 Qa4 22. Qb1 d5 23. Bb6 Qb3 24. Bxd8 Rxd8
25. Qd1 Qc4 26. e5 d4 27. cxd4 Rxd4 28. Qf1 Qb3 29. Ne2 Rd2 30. Nc3 Rxb2 31.
Qc1 Rxf2 32. Kxf2 f6 33. Rb1 Qc4 34. Qe3 fxe5 35. fxe5 Qe6 36. Re1 Bb7 37. Kg1
Qc6 38. Re2 e6 39. Qd4 Bf8 40. Kh2 Kg7 41. Rd2 Kg8 42. Nd1 Kg7 43. Qd7+ Kg8 44.
Qd8 Qc5 45. Qf6 Bc8 46. Rf2 Qe7 47. Qxe7 Bxe7 48. Rc2 Bxa3 49. Rxc8+ Kf7 50.
Ra8 Bc1 51. Rxa6 Bf4+ 52. g3 Bxe5 53. Rb6 1-0

[Event "24e tournoi de Noël"]
[Site "Montigny le Bretonneux"]
[Date "2025.12.27"]
[Round "2.10"]
[White "Arutyunov, Mikael"]
[Black "Orfila, Leila"]
[Result "1-0"]
[WhiteElo "1791"]
[BlackElo "1299"]
[Annotator "Rivier,Sylvain"]
[PlyCount "67"]
[EventDate "2025.??.??"]
[WhiteTeam "Tours et Detours Club d'Echecs Centre Brie"]
[BlackTeam "Club d'Echecs de Guyancourt"]

{Partie italienne} 1. e4 e5 2. Nf3 Nc6 3. Nc3 Bc5 4. Bc4 Nf6 5. d3 O-O 6. Bg5
Be7 7. O-O Ng4 8. Bxe7 Qxe7 9. h3 Nh6 10. a4 Qf6 11. Nd5 Qg6 12. Bb5 Kh8 13.
Nxc7 Rb8 14. Nd5 d6 15. Kh1 Ng8 16. Bc4 Nf6 17. Nxf6 gxf6 18. Rg1 Nd4 19. Nxd4
exd4 20. Qf3 Qh6 21. Kh2 Rg8 22. Bxf7 Bg4 23. Qg3 Rg7 24. Qxd6 Rc8 25. Bb3 Qh5
26. Qxf6 Re8 27. e5 h6 28. Rae1 Kh7 29. Re4 Rg6 30. Bf7 Reg8 31. Bxg6+ Qxg6 32.
Qxg6+ Rxg6 33. hxg4 Rg5 34. e6 1-0

[Event "24e tournoi de Noël"]
[Site "Montigny le Bretonneux"]
[Date "2025.12.27"]
[Round "2.11"]
[White "El Hamoui, Noah"]
[Black "Belladjou, Ismael"]
[Result "1-0"]
[WhiteElo "1517"]
[BlackElo "1658"]
[Annotator "Rivier,Sylvain"]
[PlyCount "45"]
[EventDate "2025.??.??"]
[WhiteTeam "Saint-Quentin en Yvelines"]
[BlackTeam "Club d'Echecs de Guyancourt"]

{Début Ponziani} 1. e4 e5 2. Nf3 Nc6 3. d4 exd4 4. Bc4 Bb4+ 5. Bd2 Bxd2+ 6.
Qxd2 Nf6 7. e5 Ne4 8. Qf4 d5 9. exd6 Nxd6 10. Bb3 Qe7+ 11. Kf1 O-O 12. g3 Bh3+
13. Kg1 Qe2 14. Nbd2 Rae8 15. Qh4 Bf5 16. Kg2 Ne4 17. Nxe4 Bxe4 18. Qf4 Bxf3+
19. Qxf3 Qb5 20. Rhe1 Rd8 21. Re4 d3 22. cxd3 Rxd3 23. Qxf7+ 1-0

[Event "24e tournoi de Noël"]
[Site "Montigny le Bretonneux"]
[Date "2025.12.27"]
[Round "2.12"]
[White "Bouloc, Roger"]
[Black "Gauthier, Laurent"]
[Result "0-1"]
[WhiteElo "1419"]
[BlackElo "1804"]
[Annotator "Rivier,Sylvain"]
[PlyCount "66"]
[EventDate "2025.??.??"]
[WhiteTeam "La Dame Noire"]
[BlackTeam "Les Tours d'Angoulême"]

{Défense sicilienne, attaque Canal-Sokolsky} 1. e4 c5 2. Nf3 d6 3. d4 cxd4 4.
Nxd4 Nf6 5. Bb5+ Bd7 6. Bxd7+ Nbxd7 7. Nc3 e6 8. Bg5 Be7 9. O-O O-O 10. Re1 Rc8
11. Qf3 Ne5 12. Qe2 a6 13. h3 b5 14. a3 Nc4 15. Nd1 Qb6 16. Nf3 Rfd8 17. b3 Ne5
18. Nxe5 dxe5 19. Bxf6 Bxf6 20. Ne3 Bg5 21. Ng4 Rd2 22. Qf3 Rcxc2 23. Rac1 Rxf2
24. Nxf2 Bxc1 25. Kf1 Bxa3 26. Nd3 Bb2 27. Re2 Rxe2 28. Qxe2 Bd4 29. Qc2 h6 30.
Qc8+ Kh7 31. Qe8 Qb7 32. Qf8 Qxe4 33. Nf2 Qf4 0-1

[Event "24e tournoi de Noël"]
[Site "Montigny le Bretonneux"]
[Date "2025.12.27"]
[Round "2.13"]
[White "Corbeau, Lou"]
[Black "Pages, Clement"]
[Result "1-0"]
[WhiteElo "1750"]
[BlackElo "1433"]
[Annotator "Rivier,Sylvain"]
[PlyCount "59"]
[EventDate "2025.??.??"]
[WhiteTeam "C'Chartres Echecs"]
[BlackTeam "L'Hay les Roses Echecs et Mat"]

{Gambit dame, défense Tchigorine} 1. d4 d5 2. c4 Nc6 3. cxd5 Qxd5 4. Nf3 Bg4
5. Nc3 Qd6 6. e3 e6 7. Be2 Nf6 8. O-O Be7 9. Qb3 Qb4 10. Bb5 Qxb3 11. axb3 Bxf3
12. gxf3 Kd7 13. e4 a6 14. Bxc6+ Kxc6 15. Be3 Rad8 16. Rac1 Kd7 17. Rfd1 Kc8
18. Bf4 Rd7 19. Na4 Kb8 20. Nb6 Bd6 21. Nxd7+ Nxd7 22. Bxd6 cxd6 23. Rc2 Rc8
24. Rxc8+ Kxc8 25. f4 f5 26. d5 Nc5 27. dxe6 Nxe4 28. f3 Nc5 29. Rxd6 Nxb3 30.
e7 1-0

[Event "24e tournoi de Noël"]
[Site "Montigny le Bretonneux"]
[Date "2025.12.27"]
[Round "2.14"]
[White "Chakour, Samir"]
[Black "Carbonero, Jean Marc"]
[Result "1-0"]
[WhiteElo "1652"]
[BlackElo "1399"]
[Annotator "Rivier,Sylvain"]
[PlyCount "75"]
[EventDate "2025.??.??"]
[WhiteTeam "Saint-Quentin en Yvelines"]
[BlackTeam "La Dame Noire"]

{Ouverture anglaise, variante sicilienne inversée} 1. c4 Nc6 2. Nc3 e5 3. g3
Bc5 4. Bg2 Nf6 5. e3 d6 6. Nge2 O-O 7. O-O Bd7 8. d4 Bb6 9. a4 Ne7 10. a5 Bc6
11. d5 Bc5 12. dxc6 Nxc6 13. b3 Nb4 14. Ba3 b6 15. Bxa8 Qxa8 16. Bxb4 Bxb4 17.
axb6 cxb6 18. Nd5 Nxd5 19. Qxd5 Qxd5 20. cxd5 a5 21. Rfc1 Bd2 22. Rc6 Bb4 23.
Rxb6 Bc5 24. Rb5 Bb4 25. Rbxa5 Bxa5 26. Rxa5 g6 27. Ra1 f5 28. Rb1 g5 29. f4 h6
30. b4 Re8 31. Kf2 e4 32. b5 Rb8 33. b6 Kf7 34. Nc3 Ke7 35. Na4 Kd7 36. Rc1 Rb7
37. g4 fxg4 38. fxg5 1-0

[Event "24e tournoi de Noël"]
[Site "Montigny le Bretonneux"]
[Date "2025.12.27"]
[Round "2.15"]
[White "Orfila, Hugo"]
[Black "Meddour, Ithri"]
[Result "0-1"]
[WhiteElo "1413"]
[BlackElo "1645"]
[Annotator "Rivier,Sylvain"]
[PlyCount "52"]
[EventDate "2025.??.??"]
[WhiteTeam "Club d'Echecs de Guyancourt"]
[BlackTeam "Saint-Quentin en Yvelines"]

{Défense scandinave} 1. e4 d5 2. e5 c5 3. Nf3 Bf5 4. d4 cxd4 5. Qxd4 Bxc2 6.
Nc3 e6 7. Bg5 Be7 8. Qh4 a6 9. Bxe7 Qxe7 10. Qg3 Bg6 11. Be2 Nc6 12. Qg4 Nh6
13. Na4 Nxg4 14. Nb6 Qb4+ 15. Nd2 Qxb6 16. Bxg4 Qxb2 17. O-O Qxd2 18. Rad1 Qxa2
19. Ra1 Qc4 20. Rac1 Nxe5 21. Rxc4 dxc4 22. Be2 b5 23. Ra1 Ke7 24. Bxc4 bxc4
25. Rb1 Rhb8 26. Rxb8 Rxb8 0-1

[Event "24e tournoi de Noël"]
[Site "Montigny le Bretonneux"]
[Date "2025.12.27"]
[Round "2.16"]
[White "Couradin, Jean-Marie"]
[Black "U'Ren, Gregory"]
[Result "1-0"]
[WhiteElo "1628"]
[BlackElo "1399"]
[Annotator "Rivier,Sylvain"]
[PlyCount "79"]
[EventDate "2025.??.??"]
[WhiteTeam "La Dame Noire"]
[BlackTeam "ECHECS 78"]

{Défense Petroff} 1. e4 e5 2. Nf3 Nf6 3. Nxe5 d6 4. Nf3 Nxe4 5. d4 d5 6. Be2
Be7 7. Be3 O-O 8. O-O Bd7 9. Ne5 Be6 10. Nd2 Nf6 11. c3 Bd6 12. f4 Bf5 13. Qb3
b6 14. g4 Ne4 15. gxf5 c6 16. Nxe4 dxe4 17. Rf2 Qc7 18. Rg2 Kh8 19. Bc4 Bxe5
20. fxe5 b5 21. Be2 Nd7 22. Rf1 f6 23. e6 Nb6 24. Qc2 Nd5 25. Qxe4 a5 26. Bd2
Rfe8 27. Rf3 Re7 28. Rfg3 a4 29. a3 Rc8 30. Bh5 Nb6 31. Bf7 Rxf7 32. exf7 Qxf7
33. Rxg7 Qh5 34. Qg4 Qxg4 35. R2xg4 Nc4 36. Bc1 Re8 37. Kf1 Nd6 38. Rc7 Nxf5
39. Rf4 Ne7 40. Re4 1-0

[Event "24e tournoi de Noël"]
[Site "Montigny le Bretonneux"]
[Date "2025.12.27"]
[Round "2.17"]
[White "Dufrene, Jad"]
[Black "Julien, Emilie"]
[Result "0-1"]
[WhiteElo "1399"]
[BlackElo "1625"]
[Annotator "Rivier,Sylvain"]
[PlyCount "114"]
[EventDate "2025.??.??"]
[WhiteTeam "La Dame Noire"]
[BlackTeam "La Dame Noire"]

{Défense française} 1. e4 e6 2. b3 d5 3. Bb2 Nf6 4. e5 Nfd7 5. Nf3 c5 6. d4
Nc6 7. c4 Be7 8. Nbd2 cxd4 9. Nxd4 Ndxe5 10. Nxc6 Nxc6 11. g3 d4 12. Qg4 O-O
13. Bd3 Bf6 14. O-O-O e5 15. Qe4 g6 16. g4 Re8 17. Nf3 Nb4 18. Bb1 Bg7 19. a3
Nc6 20. h4 f5 21. gxf5 Bxf5 22. Qe2 Bh6+ 23. Nd2 Bxb1 24. Kxb1 Bg7 25. Ne4 a5
26. h5 Ne7 27. hxg6 Nxg6 28. Qh5 Nf8 29. Rdg1 Qe7 30. Qh6 Kh8 31. Qh5 Qe6 32.
Bc1 Re7 33. Ng5 Qf5+ 34. Ka1 d3 35. Bb2 Ra6 36. a4 Rh6 37. Qf3 Qxf3 38. Nxf3
Rxh1 39. Rxh1 e4 40. Bxg7+ Rxg7 41. Nd2 Re7 42. Kb2 Ng6 43. Rh5 b6 44. Rf5 Kg7
45. Kc3 Re6 46. Kd4 Ne7 47. Re5 Nc6+ 48. Kd5 Rxe5+ 49. Kxc6 Re6+ 50. Kd5 Kf7
51. Kd4 h5 52. Ke3 h4 53. Nf1 Kg6 54. f4 exf3+ 55. Kxf3 Kg5 56. Nd2 Re2 57.
Ne4+ Rxe4 0-1

[Event "24e tournoi de Noël"]
[Site "Montigny le Bretonneux"]
[Date "2025.12.27"]
[Round "2.18"]
[White "Foveau, Guillaume"]
[Black "Boussaid, Kais"]
[Result "1-0"]
[WhiteElo "1598"]
[BlackElo "1299"]
[Annotator "Rivier,Sylvain"]
[PlyCount "69"]
[EventDate "2025.??.??"]
[WhiteTeam "La Dame Noire"]
[BlackTeam "La Dame Noire"]

{Gambit dame, contre gambit Albin} 1. d4 d5 2. c4 e5 3. dxe5 d4 4. Nf3 Nc6 5.
h3 Bb4+ 6. Bd2 Bxd2+ 7. Nbxd2 f5 8. exf6 Nxf6 9. Nb3 Be6 10. Rc1 Qd7 11. Nbxd4
O-O-O 12. e3 Nxd4 13. Nxd4 Rhe8 14. Be2 c5 15. Nxe6 Qxe6 16. Qc2 Ne4 17. Bg4
Rd2 18. Bxe6+ Rxe6 19. Qxd2 Nxd2 20. Kxd2 Kc7 21. Ke2 Rf6 22. Rhd1 Kc6 23. Rc3
g5 24. Rcd3 h5 25. Rd5 Rg6 26. g4 h4 27. e4 a6 28. e5 Re6 29. Rd6+ Rxd6 30.
Rxd6+ Kc7 31. Rd2 b5 32. cxb5 a5 33. e6 Kb6 34. e7 Kxb5 35. e8=Q+ 1-0

[Event "24e tournoi de Noël"]
[Site "Montigny le Bretonneux"]
[Date "2025.12.27"]
[Round "2.19"]
[White "Garabedian, Christophe"]
[Black "Barthere, Gilles"]
[Result "1-0"]
[WhiteElo "1399"]
[BlackElo "1566"]
[Annotator "Rivier,Sylvain"]
[PlyCount "69"]
[EventDate "2025.??.??"]
[WhiteTeam "La Dame Noire"]
[BlackTeam "CE Le Roi Soleil - Le Chesnay - Versailles"]

{Ouverture du pion dame} 1. d4 Nf6 2. Nf3 e6 3. Bf4 c5 4. e3 cxd4 5. exd4 Nc6
6. Bd3 Nb4 7. Nc3 Nxd3+ 8. Qxd3 d5 9. Nb5 Bb4+ 10. c3 Ba5 11. Nd6+ Ke7 12. Ng5
h6 13. Ngxf7 Qf8 14. Nxh8 Qxh8 15. Nxc8+ Rxc8 16. f3 Bc7 17. Bxc7 Rxc7 18. O-O
Qc8 19. Rfe1 Kf7 20. Re2 g6 21. Rae1 Re7 22. Re3 Nh5 23. g3 Qd7 24. Qd2 Qd6 25.
Re5 g5 26. Qd3 Nf6 27. Rf1 Kg7 28. Rf2 Nd7 29. Ree2 Nf6 30. Rg2 a6 31. Ref2 b5
32. h4 g4 33. h5 Nxh5 34. fxg4 Nxg3 35. Rxg3 1-0

[Event "24e tournoi de Noël"]
[Site "Montigny le Bretonneux"]
[Date "2025.12.27"]
[Round "2.20"]
[White "Archet, Jean-Claude"]
[Black "Naamane, Adem"]
[Result "1-0"]
[WhiteElo "1518"]
[BlackElo "1299"]
[Annotator "Rivier,Sylvain"]
[PlyCount "91"]
[EventDate "2025.??.??"]
[WhiteTeam "Club 608 d'Echecs Paris"]
[BlackTeam "Club d'Echecs de Guyancourt"]

{Défense française, variante Steinitz} 1. e4 e6 2. d4 d5 3. Nc3 Nf6 4. e5
Nfd7 5. f4 c5 6. Nf3 Nc6 7. Be3 cxd4 8. Nxd4 Be7 9. Qd2 O-O 10. Bd3 a5 11. O-O
Bc5 12. Be2 Qb6 13. Na4 Qb4 14. Nxc5 Qxd2 15. Bxd2 Nxc5 16. Nb5 Nd4 17. Nxd4
Ne4 18. Be3 Bd7 19. Bd3 a4 20. Rae1 a3 21. b3 Nc3 22. Ra1 b5 23. Ne2 b4 24.
Nxc3 bxc3 25. Rf3 Bc6 26. Bd4 Rac8 27. Raf1 Rc7 28. f5 Re8 29. fxe6 Rxe6 30.
Rh3 g6 31. Rhf3 Kg7 32. Rf6 Bb7 33. Rxe6 fxe6 34. Rf6 Bc8 35. g4 Rc6 36. Rf1
Rc7 37. Be3 Rc6 38. Bg5 Rc7 39. Bf6+ Kg8 40. h4 Bb7 41. h5 Rf7 42. hxg6 hxg6
43. Bxg6 Rc7 44. Rf2 Rc5 45. Rh2 Rc7 46. Rh8# 1-0

[Event "24e tournoi de Noël"]
[Site "Montigny le Bretonneux"]
[Date "2025.12.27"]
[Round "2.21"]
[White "Un, Prathna"]
[Black "Couradin, Bruno"]
[Result "0-1"]
[WhiteElo "1399"]
[BlackElo "1517"]
[Annotator "Rivier,Sylvain"]
[PlyCount "72"]
[EventDate "2025.??.??"]
[WhiteTeam "La Dame Noire"]
[BlackTeam "La Dame Noire"]

{Partie italienne, guiocco piano} 1. e4 e5 2. Nf3 Nc6 3. Bc4 Bc5 4. c3 Nf6 5.
d3 O-O 6. O-O d6 7. b4 Bb6 8. a4 a6 9. a5 Ba7 10. Bg5 Be6 11. Bxe6 fxe6 12.
Nbd2 h6 13. Be3 Bxe3 14. fxe3 Ng4 15. d4 Nxe3 16. Qb3 Nxf1 17. Rxf1 Qe7 18. d5
Nd8 19. g3 c6 20. Nh4 Rxf1+ 21. Kxf1 Qf7+ 22. Ndf3 g5 23. dxe6 Qxe6 24. Qxe6+
Nxe6 25. Nf5 Rf8 26. Nxh6+ Kh7 27. Nf5 d5 28. Kg2 dxe4 29. Nxg5+ Nxg5 30. g4
Ne6 31. Nd6 e3 32. Nf5 Nf4+ 33. Kf3 e2 34. Kf2 Rd8 35. Ne3 Rd1 36. Nxd1 exd1=Q
0-1

[Event "24e tournoi de Noël"]
[Site "Montigny le Bretonneux"]
[Date "2025.12.28"]
[Round "3.1"]
[White "Appavou, Calixte"]
[Black "Strehse, Nelson"]
[Result "0-1"]
[WhiteElo "1804"]
[BlackElo "2198"]
[Annotator "Rivier,Sylvain"]
[PlyCount "56"]
[EventDate "2025.??.??"]
[WhiteTeam "Saint-Quentin en Yvelines"]

1. e4 c5 2. Nf3 d6 3. d4 cxd4 4. Nxd4 Nf6 5. Nc3 Nc6 6. Be2 g6 7. Be3 Bg7 8.
O-O O-O 9. Nb3 b6 10. f4 Bb7 11. Bf3 Nd7 12. Qd2 Nc5 13. Nxc5 bxc5 14. Ne2 Na5
15. c3 Nc4 16. Qc1 Bh6 17. Bf2 Ne5 18. Be3 Nxf3+ 19. gxf3 a5 20. Ng3 Ba6 21.
Rf2 a4 22. f5 Bg7 23. Bh6 Bc4 24. Bxg7 Kxg7 25. Rg2 Rg8 26. Qf4 Kh8 27. e5 Bd3
28. Rd1 c4 {suite illisible} 0-1

[Event "24e tournoi de Noël"]
[Site "Montigny le Bretonneux"]
[Date "2025.12.28"]
[Round "3.2"]
[White "Klemenz, Luca"]
[Black "Arutyunov, Mikael"]
[Result "1/2-1/2"]
[WhiteElo "2085"]
[BlackElo "1791"]
[Annotator "Rivier,Sylvain"]
[PlyCount "126"]
[EventDate "2025.??.??"]
[BlackTeam "Tours et Detours Club d'Echecs Centre Brie"]

{Gambit dame refusé, défense semi-slave} 1. d4 d5 2. Nf3 Nf6 3. c4 e6 4. Nc3
c6 5. e3 Nbd7 6. Qc2 Be7 7. Bd3 Qc7 8. O-O O-O 9. e4 dxe4 10. Nxe4 Nxe4 11.
Bxe4 Nf6 12. Bd3 h6 13. b3 b6 14. Bb2 Bb7 15. c5 Nd5 16. Rfe1 Nb4 17. Qc3 Nxd3
18. Qxd3 Bf6 19. Ne5 Rad8 20. Qe4 Bxe5 21. Qxe5 Qxe5 22. Rxe5 Rfe8 23. Rae1 f6
24. Rxe6 Rxe6 25. Rxe6 bxc5 26. Re7 cxd4 27. Rxb7 d3 28. Bc3 d2 29. Bxd2 Rxd2
30. g3 Rxa2 31. Rc7 Ra6 32. Kg2 Kh7 33. h4 Kg6 34. h5+ Kh7 35. g4 Rb6 36. Rxa7
Rxb3 37. Rc7 Rc3 38. f3 c5 39. Kf2 c4 40. Ke2 Rc2+ 41. Kd1 Rf2 42. Rxc4 Rxf3
43. Ke2 Ra3 44. Kf2 f5 45. gxf5 Rh3 46. Rf4 Rxh5 47. f6 gxf6 48. Rxf6 Rg5 49.
Ra6 Rg7 50. Ra5 Rg4 51. Kf3 Rg1 52. Kf2 Rb1 53. Kg2 Rb2+ 54. Kh3 Rb6 55. Kh2
Kg6 56. Rc5 Rb3 57. Ra5 h5 58. Rc5 h4 59. Rd5 Kh6 60. Rc5 Rb2+ 61. Kh3 Rb4 62.
Rc6+ Kg5 63. Rc5+ Kh6 1/2-1/2

[Event "24e tournoi de Noël"]
[Site "Montigny le Bretonneux"]
[Date "2025.12.28"]
[Round "3.3"]
[White "Imbert, Nicolas"]
[Black "Langner, Jasper"]
[Result "1/2-1/2"]
[WhiteElo "1732"]
[BlackElo "2052"]
[Annotator "Rivier,Sylvain"]
[PlyCount "58"]
[EventDate "2025.??.??"]
[WhiteTeam "Saint-Quentin en Yvelines"]

{Partie du pion dame} 1. d4 d5 2. Nf3 Nf6 3. Bf4 c5 4. e3 Nc6 5. Nbd2 Qb6 6.
dxc5 Qxb2 7. Rb1 Qc3 8. Bb5 e6 9. O-O Be7 10. e4 O-O 11. e5 Nd7 12. Nb3 Qb4 13.
Nfd4 Nxd4 14. Nxd4 Qxc5 15. Re1 Rd8 16. Re3 Nf8 17. h4 Ng6 18. Bg3 Bxh4 19.
Bxh4 Nxh4 20. Rh3 Ng6 21. Nf3 h6 22. Rg3 Bd7 23. Bd3 Nf4 24. Qd2 Nxd3 25. cxd3
Kh8 26. Qf4 Qe7 27. Rh3 Kg8 28. Rg3 Kh8 29. Rh3 Kg8 1/2-1/2

[Event "24e tournoi de Noël"]
[Site "Montigny le Bretonneux"]
[Date "2025.12.28"]
[Round "3.4"]
[White "Fayolle, Guy"]
[Black "Bielle, Lucas"]
[Result "0-1"]
[WhiteElo "1708"]
[BlackElo "1904"]
[Annotator "Rivier,Sylvain"]
[PlyCount "124"]
[EventDate "2025.??.??"]
[WhiteTeam "Saint-Quentin en Yvelines"]
[BlackTeam "CE Le Roi Soleil - Le Chesnay - Versailles"]

{Défense sicilienne, variante Taïmanov} 1. e4 c5 2. Nf3 e6 3. d4 cxd4 4. Nxd4
Nf6 5. Nc3 Nc6 6. Be3 Bb4 7. Bd3 Ne5 8. O-O O-O 9. a3 Ba5 10. Bg5 h6 11. Bh4
Ng6 12. Bg3 d6 13. Nb3 Bb6 14. Nb5 e5 15. h3 Be6 16. Qe2 a6 17. Nc3 Rc8 18. Kh1
Qd7 19. Kh2 d5 20. exd5 Nxd5 21. Bxg6 fxg6 22. Bxe5 Nxc3 23. Bxc3 Bc4 24. Qe4
Bxf1 25. Rxf1 Bc7+ 26. Kg1 Qd6 27. g3 Rce8 28. Qc4+ Kh7 29. Bb4 b5 30. Qc3 Qd7
31. Bxf8 Rxf8 32. Kg2 Qd5+ 33. Kg1 Be5 34. Qc5 Qxc5 35. Nxc5 Bxb2 36. Nxa6 Bxa3
37. Nc7 Rf5 38. Rb1 b4 39. Na6 Rb5 40. Nc7 Rb7 41. Nd5 Kg8 42. Kg2 Kf7 43. Re1
Rd7 44. Ne3 Rc7 45. Rd1 Ke6 46. Kf3 Rf7+ 47. Ke2 g5 48. Nc4 Rc7 49. Ne3 Bb2 50.
Rd3 Bc1 51. Rb3 Bxe3 52. Rxe3+ Kd5 53. Kd3 Rc3+ 54. Kd2 Ra3 55. Rxa3 bxa3 56.
Kc3 Ke4 57. Kb3 Kd4 58. Kxa3 Kc3 59. Ka4 Kxc2 60. Kb4 Kd3 61. Kc5 Ke4 62. Kd6
Kf3 0-1

[Event "24e tournoi de Noël"]
[Site "Montigny le Bretonneux"]
[Date "2025.12.28"]
[Round "3.5"]
[White "Kunne, Ronald"]
[Black "El Hamoui, Noah"]
[Result "1/2-1/2"]
[WhiteElo "1853"]
[BlackElo "1517"]
[Annotator "Rivier,Sylvain"]
[PlyCount "89"]
[EventDate "2025.??.??"]
[WhiteTeam "Club d'Echecs d'Orsay"]
[BlackTeam "Saint-Quentin en Yvelines"]

{Défense Caro-Kann, variante d'échange} 1. e4 c6 2. d4 d5 3. exd5 cxd5 4. Bd3
e6 5. Bf4 Nc6 6. c3 g6 7. Nf3 Bg7 8. Qd2 Nf6 9. Bh6 O-O 10. Bxg7 Kxg7 11. Qf4
Nh5 12. Qe3 Qf6 13. g3 Kg8 14. Ne5 Nxe5 15. dxe5 Qe7 16. g4 Ng7 17. h4 f5 18.
h5 f4 19. Qd4 gxh5 20. gxh5 Nf5 21. Qxf4 b6 22. Rg1+ Kh8 23. Qg4 Bd7 24. Qe2
Rg8 25. Rxg8+ Rxg8 26. Nd2 Qg5 27. O-O-O Be8 28. f4 Qxh5 29. Qxh5 Bxh5 30. Rh1
Bg6 31. Bxf5 Bxf5 32. Nb3 Rg4 33. Rf1 Bd3 34. Rf3 Be4 35. Rf2 Rg2 36. Rxg2 Bxg2
37. Kd2 h5 38. Ke3 Kg7 39. Nd4 Kf7 40. Kf2 Bh3 41. Kg3 Bg4 42. Nb5 a5 43. Nd6+
Kf8 44. Nb5 Be2 45. Nd4 1/2-1/2

[Event "24e tournoi de Noël"]
[Site "Montigny le Bretonneux"]
[Date "2025.12.28"]
[Round "3.6"]
[White "Artieres, Michel"]
[Black "Fasquelle, Cedric"]
[Result "1-0"]
[WhiteElo "1808"]
[BlackElo "1812"]
[Annotator "Rivier,Sylvain"]
[PlyCount "93"]
[EventDate "2025.??.??"]
[WhiteTeam "La Dame Noire"]
[BlackTeam "Saint-Quentin en Yvelines"]

{Défense sicilienne} 1. e4 c5 2. Nf3 e6 3. d4 cxd4 4. Nxd4 Nf6 5. Nc3 Bb4 6.
e5 Nd5 7. Qg4 g6 8. Qg3 a6 9. Be2 Qc7 10. Bd2 f6 11. exf6 Qxg3 12. hxg3 Nxc3
13. bxc3 Bd6 14. g4 O-O 15. g5 Bc7 16. Bd3 b5 17. Ke2 d5 18. Rh6 e5 19. Rah1 e4
20. Rxh7 Bf4 21. f3 exd3+ 22. Kxd3 Bh3 23. Rg7+ Kh8 24. g4 Be5 25. Rxg6 Ra7 26.
Rxh3+ Rh7 27. Rxh7+ Kxh7 28. Rh6+ Kg8 29. f4 Bd6 30. Nf5 Bc5 31. Be3 Bxe3 32.
Ne7+ Kf7 33. Kxe3 Nd7 34. Rh7+ Ke6 35. f5+ Kd6 36. Kd4 Ne5 37. Ng6 Nc6+ 38. Kd3
Ne5+ 39. Nxe5 Kxe5 40. Ke3 Kd6 41. Re7 a5 42. Re6+ Kc5 43. g6 b4 44. cxb4+ Kxb4
45. f7 d4+ 46. Ke4 Rh8 47. g7 1-0